01283 2200445 4500001002100000005001500021007000300036008004100039020002200080035002000102040001700122041000800139082001200147084001800159090002000177100003300197245007300230250001000303264002800313300003600341336002100377337003000398338002300428500003300451504002800484650004100512700003200553850001000585990002200595990002200617990002200639990002200661990002200683990002200705990002200727990002200749990002200771990002200793990002200815INLIS00000000000524520260515095718ta260515 0  a978-602-8689-17-5 a0010-0222000335 aSBPUPADbind0 aind a297.150 a297.150 SAM b a297.1 MHD a 3-10 aSamsul Munir AminePengarang1 aBimbingan Dan Konseling Islam /cSamsul Munir Amin; editor, Lihhiati acet.1 ajakarta :bAmzah,c2010 axvi, 396 hlm :billus. ;c23 cm 2rdacontentaTeks 2rdamediaaTanpa Perantara 2rdacarrieraVolume aprofile penulis, hlm 393-396 abibliografi,hlm 387-391 4aPengertian Bimbingan Dan Konselingan0 aEditor, LihhiatiePengarang aPUPAD a26.465/P/DPK/2017 a26.466/P/DPK/2017 a26.467/P/DPK/2017 a26.468/H/DPK/2018 a26.469/H/DPK/2018 a26.470/P/DPK/2017 a26.471/P/DPK/2017 a26.472/P/DPK/2017 a26.473/H/DPK/2018 a26.474/P/DPK/2017 a26.475/P/DPK/2017